1687 1310 1213 1334 1014 1061 1346 1324 1340 1555 1586 1189 1612 1188 1933 1383 1265 1860 1577 1414 1224 1180 1535 1028 1676 1180 1256 1351 1379 1781 1551 1931 1857 1294 1984 1024 1183 1778 1710 1593 1389 1649 1142 1514 1538 1833 1459 1906 1553 1749 1908 1744 1979 1809 1328 1074 1175 1362 1722 1839 1171 1350 1434 1946 1455 1524 1468 1454 1790 1135 1666 1835 1933 1158 1073 1916 1669 1875 1521 1090 1515 1340 1883 1431 1058 1790 1776 1566 1822 1364 1722 1140 1546 1493 1836 1043 1197 1334 1178 BCNSPRNW ULIB Ver.6.0+V

เปลี่ยนเป็นภาษาไทย

Change to English
 แสดงรายละเอียดบรรณานุกรม
  กลับหน้าหลัก

Brief Record : Get Marc (ISO 2709) : E-mail record : QR code < ปิดหน้าต่าง
LEADER : 00000nam 2200000uu 4500
001    13399108825
003     ULIB
008    110315s2544||||th 000 0 tha d
020    9742943567
060 04 W84.6^bศ845ก 2544
100 0  เพียงพร กันหารี
245 10 การพัฒนากระบวนการบริหารจัดการงานสาธารณสุขมูลฐานแบบบูรณาการ /^cเพียงพร กันหารี,วนัสรา เชาว์นิยม
250    พิมพ์ครั้งที่ 1
260    [กรุงเทพฯ] :^bศูนย์ฝึกอบรมและพัฒนาการสาธารณสุขมูลฐานภาคกลาง,^c2544
300    ก-ซ, 94 หน้า ;^c26 ซม.
650  7 สาธารณสุขมูลฐาน
650  7 การบริหารสาธารณสุขมูลฐาน
650  7 การบริหารสาธารณสุข
700 0  วนัสรา เชาวน์นิยม
710 2  ศูนย์ฝึกอบรมและพัฒนาการสาธารณสุขมูลฐาน ภาคกลาง
945    ^p0^l0^i014299
945    ^p0^l0^i014300
995    ทศพร
999 ^a ใช้งานได้ทุกระบบ
รายการนี้ยังไม่มีแท็ก
คุณยังไม่ได้ล็อกอิน คุณสามารถมีกิจกรรมร่วมกับเว็บไซต์ได้ แต่ต้องล็อกอินก่อน ::
  ล็อกอิน

รายการสื่อสารสนเทศ

ลำดับที่ ประเภท เลขเรียก/บาร์โค้ด สถานที่ สถานะ
- ไม่พบข้อมูล -

รายการใกล้เคียง
    หัวเรื่อง [สาธารณสุขมูลฐาน]
    หัวเรื่อง [การบริหารสาธารณสุข]

BibComment


ยังไม่เคยถูกคอมเมนท์

คอมเมนท์ทรัพยากรรายการนี้
  คอมเมนท์: การพัฒนากระบวนการ..


 Copyright 2026. Bcnsprnw @Library